000 01427nam a2200361 a 4500
001 ebr10671346
003 CaPaEBR
006 m u
007 cr cn|||||||||
008 090629s2009 nyua s 001 0 eng d
010 _z 2009464251
020 _z1607415070
020 _z9781607415077
020 _z9781613240991 (e-book)
040 _aCaPaEBR
_cCaPaEBR
035 _a(OCoLC)709777513
050 1 4 _aRD97
_b.S6887 2009eb
082 0 4 _a617.1/027
_222
245 0 0 _aSports injuries and their effects on health
_h[electronic resource] /
_cRobert R. Salerno, editor.
260 _aNew York :
_bNova Science Publishers,
_cc2009.
300 _aviii, 68 p. :
_bill.
490 1 _aSports and athletics preparation, performance, and psychology series
500 _aIncludes index.
533 _aElectronic reproduction.
_bPalo Alto, Calif. :
_cebrary,
_d2013.
_nAvailable via World Wide Web.
_nAccess may be limited to ebrary affiliated libraries.
650 0 _aSports injuries
_xHealth aspects.
650 0 _aSports injuries
_xPrevention.
650 0 _aSports injuries
_xTreatment.
655 7 _aElectronic books.
_2local
700 1 _aSalerno, Robert R.
710 2 _aebrary, Inc.
830 0 _aSports and athletics preparation, performance, and psychology series.
856 4 0 _uhttp://site.ebrary.com/lib/rucke/Doc?id=10671346
_zAn electronic book accessible through the World Wide Web; click to view
999 _c162476
_d162476